Which Came First? #2 - Statistics

General Stats
  • This quiz has been taken 55 times
  • The average score is 7 of 10
Answer Stats
Question Answer % Correct
Which of the following came first? The Simpsons
95%
Which of the following came first? 60 Minutes (On CBS)
90%
Which of the following came first? The Wizard of Oz film adaptation with Judy Garland
80%
Which of the following came first? Alaska's admission into the U.S. Union
70%
Which of the following came first? Blue's Clues
65%
Which of the following came first? Ask.com (formerly known as Askjeeves.com)
60%
Which of the following came first? The Foundation of the NFL
60%
Which of the following came first? U.S. Nickelodeon
60%
Which of the following came first? Justin Bieber?
40%
Which of the following came first? NBC on television
40%
No matching quizzes found
Score Distribution
Percent of People with Each Score
Percentile by Number Answered
Your Score History
You have not taken this quiz